000 00940nab a2200277 u 4500
001 15541
003 HDC
007 cr bn ---aaaaa
008 210201b20140508my ||||| |||| 00| 0 may d
040 _aHDC
100 _aFaizatul Farlin Farsh Khan,
_eauthor
_915717
245 0 _aTinggal kerja sebagai setiausaha /
_cFaizatul Farlin Farsh Khan
260 _aKuala Lumpur :
_bThe New Straits Times Press (M) Bhd.,
_c2014
300 _a1 online resource
336 _atext
_2rdacontent
337 _acomputer
_2rdamedia
338 _aonline resource
_2rdacarrier
650 _aBiscuits
_915701
650 _aCookies
_911958
650 _aSmall business
_9208
710 _aHarian Metro,
_eissung body
856 _zRequest full-text at [email protected]
942 _2lcc
942 _cNEWS
942 _kNWSC 003291
999 _c12857
_d12857